| 000 | 01142nam a2200301 a 4500 | ||
|---|---|---|---|
| 001 | 000116078 | ||
| 003 | CHAP | ||
| 005 | 20220329144600.0 | ||
| 008 | 190904s2019 mx a |sm |||||||spa d | ||
| 010 | _a112539 | ||
| 011 | _a113511 | ||
| 040 | _cCHAP | ||
| 090 | _aTesis | ||
| 100 | 1 |
_aBolaños Sánchez, Claudia. _9136804 |
|
| 245 | 1 | 0 |
_aIntercepción de lluvía por dosel en pino (Pinus hartwegii) y oyamel (Abies religiosa) mediante nube de puntos _h[En línea] _cpor Claudia Bolaños Sánchez. |
| 260 |
_aChapingo, Méx. : _bEl autor, _c2019. |
||
| 500 | _aPara ver el contenido del material haga clic en la liga | ||
| 502 | _aTesis (M. en Ingeniería Agrícola y uso Integral del Agua) -- UACH. Posgrado en Ingeniería Agrícola y Uso Integral del Agua | ||
| 590 |
_aBATCH-UPD _b05 _c20190904 _lUCH01 _h1430 |
||
| 590 |
_aE6339RRR _b05 _c20190904 _lUCH01 _h1429 |
||
| 590 |
_aE6339RRR _b05 _c20190904 _lUCH01 _h1429 |
||
| 650 | 1 | 4 |
_aCiclo hidrológico. _9131019 |
| 650 | 1 | 4 |
_aLluvia _xMedición. _967325 |
| 856 |
_aFinding aid _uhttp://10.13.5.2/tesis/sist116078.pdf _zTeclea aquí |
||
| 901 | _aBK | ||
| 942 | _cTESIS | ||
| 942 | _n0 | ||
| 999 |
_c112539 _d112539 |
||